000 00341nam a2200145Ia 4500
008 240830s1992 xx 000 0 und d
041 _aeng
082 _a0 DAW
100 _aDAWN C.S.
245 _aCLINICAL SURGERY- BAILEY S
260 _bDAWN BOOKS CALCUTTA
_c1992
650 _aGYANECOLOGY
906 _aN.D.
999 _c1193885
_d1193885